| 000 | 01033atm a2200397 4500 | ||
|---|---|---|---|
| 005 | 20260511163224.0 | ||
| 008 | 150728b2005 xxu||||| |||| 00| 0 spa d | ||
| 041 | _aESP | ||
| 082 | _a004.015.1 J71m6 | ||
| 100 | _aJohnsonbaugh, Richard | ||
| 245 | _aMatemáticas discretas | ||
| 250 | _a6 edición. | ||
| 260 | _aMéxico | ||
| 260 | _bPearson Educación | ||
| 260 | _c2005 | ||
| 300 | _a696 páginas | ||
| 490 | _aBig Data | ||
| 490 | _aTecnologías de la Información | ||
| 650 | _aPRINCIPIOS MATEMÁTICOS | ||
| 650 | _aMATEMÁTICA PARA COMPUTACIÓN | ||
| 650 | _aMATEMÁTICA DISCRETA | ||
| 650 | _aALGORITMOS | ||
| 650 | _aMÉTODOS DE CONTEO | ||
| 650 | _aGRÁFICAS | ||
| 650 | _aÁRBOLES | ||
| 650 | _aREDES | ||
| 650 | _aGEOMETRÍA COMPUTACIONAL | ||
| 650 | _aÁLGEBRA | ||
| 650 | _aTEORÍA DE NÚMEROS Y GRÁFICAS | ||
| 650 | _aMATRICES | ||
| 650 | _aISOMORFISMOS | ||
| 650 | _aBASES DE DATOS RELACIONALES | ||
| 650 | _aALGEBRAS BOLEANAS | ||
| 650 | _aCIRCUITOS | ||
| 942 |
_cBK _2ddc |
||
| 999 |
_c6704 _d6704 |
||